Một số biện pháp nâng cao chất lượng quản lý đào tạo từ xa của trường Đại học Cần Thơ : Báo cáo tổng hợp đề tài khoa học và công nghệ cấp Trường
Nghiên cứu cơ sở lý luận và phân tích thực tiễn. Từ đó đề xuất các biện pháp nâng cao chất lượng quản lý đào tạo từ xa của trường Đại học Cần Thơ
Αποθηκεύτηκε σε:
| Κύριος συγγραφέας: | |
|---|---|
| Μορφή: | Βιβλίο |
| Γλώσσα: | Undetermined |
| Έκδοση: |
Cần Thơ
Trường Đại học Cần Thơ
2014
|
| Θέματα: | |
| Ετικέτες: |
Προσθήκη ετικέτας
Δεν υπάρχουν, Καταχωρήστε ετικέτα πρώτοι!
|
| Thư viện lưu trữ: | Trung tâm Học liệu Trường Đại học Cần Thơ |
|---|
| LEADER | 01264nam a2200241Ia 4500 | ||
|---|---|---|---|
| 001 | CTU_210499 | ||
| 008 | 210402s9999 xx 000 0 und d | ||
| 082 | |a 371.35 | ||
| 082 | |b T120 | ||
| 088 | |a T2014-42 | ||
| 100 | |a Phạm, Phương Tâm | ||
| 245 | 0 | |a Một số biện pháp nâng cao chất lượng quản lý đào tạo từ xa của trường Đại học Cần Thơ : | |
| 245 | 0 | |b Báo cáo tổng hợp đề tài khoa học và công nghệ cấp Trường | |
| 245 | 0 | |c Phạm Phương Tâm (chủ nhiệm đề tài) | |
| 260 | |a Cần Thơ | ||
| 260 | |b Trường Đại học Cần Thơ | ||
| 260 | |c 2014 | ||
| 520 | |a Nghiên cứu cơ sở lý luận và phân tích thực tiễn. Từ đó đề xuất các biện pháp nâng cao chất lượng quản lý đào tạo từ xa của trường Đại học Cần Thơ | ||
| 650 | |a Education, Higher,Distance education,Distance education students,Giáo dục đại hoc,Giáo dục từ xa,Sinh viên học từ xa | ||
| 650 | |x Administration,Quản trị | ||
| 904 | |i Cẩm tú,Qhieu | ||
| 915 | |a KH | ||
| 980 | |a Trung tâm Học liệu Trường Đại học Cần Thơ | ||